Countries with 11 letters - Statistics

General Stats
  • This quiz has been taken 63 times
  • The average score is 7 of 9
Answer Stats
Continent Country % Correct
Europe Vatican City
92%
Europe Netherlands
89%
Asia Philippines
83%
Asia Saudi Arabia
83%
Europe Switzerland
83%
Africa Sierra Leone
81%
Africa South Africa
81%
Asia Afghanistan
78%
Africa Burkina Faso
72%
No matching quizzes found
Score Distribution
Percent of People with Each Score
Percentile by Number Answered
Your Score History
You have not taken this quiz